Budulínek Pohádka s obrázky Antonína Pospíšila

Bibliographic Details
Main Author: Pleva, Josef Věromír, 1899-1985 (Author)
Format: Book
Language:Undetermined
PhysicalDescription:48 s.
Published: Praha SNDK 1958

MARC

LEADER 00000nam a2200000 a 4500
001 vtls001327302
003 SK-MaSNL
005 20260302033314.0
008 240318s1958 xx 0 und
035 |a SNK000280098 
040 |a SNK  |b slo  |c SNK  |e AACR2 
100 1 |a Pleva, Josef Věromír,  |d 1899-1985  |4 aut  |9 69430 
245 1 0 |a Budulínek  |b Pohádka s obrázky Antonína Pospíšila 
260 |a Praha  |b SNDK  |c 1958 
300 |a 48 s. 
999 |c 1061113  |d 1063043 
952 |t P60, <05>, [BOOK], {605}  |a SNK  |b SNK  |y PREZ  |7 0  |p 17A0132856  |o snkIC 20604 D1  |0 0  |1 1  |4 0  |d 1998-04-07  |l 0  |r 2005-01-02 00:00:00  |w 2026-02-24